000 01486nam0a22003011 4500
001 rc\4235479
005 20130416111526.8
021 _aRU
_b[61-40602]
035 _a(NLR Aleph) 008212363
090 _a8104564
_c8104564
100 _a20130416d1961 |||y0rusy50 ca
101 0 _arus
102 _aRU
105 _aa z |||||
200 1 _aМногопозиционный электромеханический программный регулятор (температуры, влажности и освещенности)
_fЛенингр. отд-ние О-ва по распространению полит. и науч. знаний РСФСР. Ленингр. дом науч.-техн. пропаганды
210 _aЛенинград
_cБ. и.
_d1961
215 _a20 с.
_cил.
_d22
225 1 _a[Обмен передовым опытом
_v63]
_iСерия "Приборы и элементы автоматики"
300 _aПеред загл. авт.: С.В. Андреев, Б.К. Мартенс, А.Н. Трушинский
606 _aРегуляторы автоматические
_2psbo
700 1 _aАндреев
_bС. В.
_gСергей Васильевич
701 1 _aМартенс
_bБ. К.
_gБорис Константинович
701 1 _aТрушинский
_bА. Н.
_gАлександр Николаевич
801 0 _aRU
_bNLR
_gpsbo
801 1 _aRU
_bELAR
_2rusmarc
852 _aNLR
_j61-6/5687
942 _cBOOK
980 _aNB